LEADER 02257nam 2200493 450 001 9910792872103321 005 20230809223247.0 010 $a962-996-898-3 010 $a988-237-714-9 035 $a(CKB)3710000001109798 035 $a(MiAaPQ)EBC5433699 035 $a(OCoLC)990475224 035 $a(MdBmJHUP)muse60116 035 $a(Au-PeEL)EBL5433699 035 $a(CaPaEBR)ebr11584866 035 $a(OCoLC)1042325701 035 $a(EXLCZ)993710000001109798 100 $a20180706d2017 uy 0 101 0 $aeng 135 $aurcnu|||||||| 181 $ctxt$2rdacontent 182 $cc$2rdamedia 183 $acr$2rdacarrier 200 00$aPoverty in a rich society $ethe case of Hong Kong /$fedited by Maggie K.W. Lau and David Gordon 205 $aExpanded edition. 210 1$aSha Tin New Town, Hong Kong :$cThe Chinese University Press,$d[2017] 210 4$dİ2017 215 $a1 online resource (xx, 216 pages) $cillustrations 225 0 $aCalligrams 311 $a962-996-788-X 320 $aIncludes bibliographical references (page 333-335) and index. 330 $aHong Kong has remained a wealthy financial hub but its income inequality is greater than that in any developed economy. The growing unequal income distribution and poverty in Hong Kong have aroused public concern. This book brings together some of Hong Kong's and the U.K.'s leading experts to examine poverty in Hong Kong from three perspectives: (1) public understanding of poverty, and the extent of poverty and social exclusion in Hong Kong society, (2) poverty and health as well as child poverty and educational opportunities in Hong Kong, and (3) effectiveness of poverty alleviation measures in Hong Kong. On this basis, this book advances the theory and practice of poverty and social exclusion measurement, and will inspire comparative research and policy analyses for better policy initiatives. 606 $aPoverty$zChina 615 0$aPoverty 676 $a339.460951 702 $aLau$b Maggie K. W. 702 $aGordon$b David$f1959- 801 0$bMiAaPQ 801 1$bMiAaPQ 801 2$bMiAaPQ 906 $aBOOK 912 $a9910792872103321 996 $aPoverty in a rich society$93718224 997 $aUNINA